000 00986cam a2200301 i 4500
001 4429592
003 ARRUPE
005 20160407115238.0
008 750913s1973 enkac 000 0 eng
010 _a75324104
020 _a0901787418 :
035 _a(OCoLC)3073780
035 _a(OCoLC)ocm03073780
035 _a(NNC)4429592
040 _aDLC
_cDLC
_dNNUT
043 _af-gh---
050 0 _aDT512
_b.N56 1973
090 _aDT512
_b.N56 1973
100 1 _aNkrumah, Kwame,
_d1909-1972.
_923603
245 1 4 _aThe struggle continues :
_bsix ... pamphlets /
_cKwame Nkrumah.
260 _aLondon :
_bPanaf Books Ltd,
_cc1973.
300 _a83 p. :
_bill., port. ;
_c22 cm.
505 0 _aWhat I mean by positive action.--The struggle continues.--The way out.--The spectre of Black Power.--The big lie.--Two myths.
651 0 _aGhana
_xPolitics and government
_y1957-1979.
_923604
651 0 _aGhana
_xEconomic conditions.
_923605
942 _2lcc
_cMONOGRAPH
999 _c124542
_d124542